| 000 | 00347nam a2200121Ia 4500 | ||
|---|---|---|---|
| 008 | 230907s9999||||xx |||||||||||||| ||und|| | ||
| 082 | _a621.406,SCH | ||
| 100 |
_aSchobeiri, Meinhard. _9115286 |
||
| 245 | 0 | _aTurbomachinery flow physics and dynamic performance / | |
| 260 |
_aSpringer, _bNew York : _c2012 |
||
| 300 | _axxvi, 725 p. : | ||
| 942 | _cBK | ||
| 999 |
_c598012 _d598012 |
||